| 000 | 00401nam a2200157Ia 4500 | ||
|---|---|---|---|
| 008 | 230711s9999||||xx |||||||||||||| ||und|| | ||
| 041 | _aENG | ||
| 082 |
_a621 _bTE-M |
||
| 100 | _aTewari,Ashish | ||
| 245 | 0 | _aModern control design with matlab and simulink | |
| 250 | _a1st Ed. | ||
| 260 |
_c2006 _aNew York _bJohn Wiley & Sons.Inc |
||
| 300 | _a503 | ||
| 650 | _aElectrical Engineering | ||
| 942 | _cBK | ||
| 999 |
_c4486 _d4486 |
||